A "lant" és a "síp" európai identitáskeresés Apollón és Dionüszosz apoteózisában /

Elmentve itt :
Bibliográfiai részletek
Szerző: Garaczi Imre
Dokumentumtípus: Könyv része
Megjelent: Pro Philosophia Szegediensi Alapítvány, Magyar Filozófiai Társaság, Státus Szeged 2025
Sorozat:Lábjegyzetek Platónhoz 22
A félelem 22
Kulcsszavak:Identitás, Filozófia
Tárgyszavak:
Online Access:http://acta.bibl.u-szeged.hu/89255
LEADER 00903naa a2200229 i 4500
001 acta89255
005 20251213090301.0
008 251213s2025 hu o 000 hun d
020 |a 978-615-5727-10-8 
022 |a 1785-7082 
040 |a SZTE Egyetemi Kiadványok Repozitórium  |b hun 
041 |a hun 
100 1 |a Garaczi Imre 
245 1 2 |a A "lant" és a "síp"   |h [elektronikus dokumentum] :  |b európai identitáskeresés Apollón és Dionüszosz apoteózisában /  |c  Garaczi Imre 
260 |a Pro Philosophia Szegediensi Alapítvány, Magyar Filozófiai Társaság, Státus  |b Szeged  |c 2025 
300 |a 329-339 
490 0 |a Lábjegyzetek Platónhoz  |v 22 
490 0 |a A félelem  |v 22 
650 4 |a Bölcsészettudományok 
650 4 |a Filozófia, etika és vallástudományok 
695 |a Identitás, Filozófia 
856 4 0 |u http://acta.bibl.u-szeged.hu/89255/1/platonhoz_022_329-339.pdf  |z Dokumentum-elérés